Using information technology : (رقم التسجيلة. 15515)

تفاصيل مارك
000 -الفاتح
حقل البيانات ثابتة الطول 00993cam a2200289 a 4500
001 - رقم الضبط
رقم الضبط 12782445
003 - محدد رقم الضبط
رقم الضبط OSt
005 - وقت وتاريخ اخر تعامل مع التسجيلة
رقم الضبط 20150408113926.0
008 - عناصر البيانات ثابتة الطول - معلومات عامة
حقل البيانات ثابتة الطول 020520s2003 maua b 001 0 eng
020 ## - الرقم الدولى المعيارى للكتب
الرقم الدولى المعيارى للكتاب 9780071112420
040 ## - مصدر الفهرسة
وكالة الفهرسة الأصلية DLC
وكالة النسخ DLC
وكالة التعديل DLC
050 00 - رقم طلب مكتبة الكونجرس
رقم التصنيف QA76.5
رقم المادة .S2193 2003
082 00 - رقم تصنيف ديوى العشرى
رقم التصنيف 004
رقم الطبعة 21
100 1# - المدخل الرئيسى - إسم شخصى
الإسم الشخصى Sawyer, Stacey C.
9 (RLIN) 4168
245 10 - بيان العنوان
العنوان Using information technology :
بقية العنوان a practical introduction to computers & communications : complete version /
بيان المسئوليه,etc Stacey C. Sawyer, Brian K. Williams.
250 ## - بيان الطبعة
بيان الطبعة 6th ed.
260 ## - PUBLICATION, DISTRIBUTION, ETC. (IMPRINT)
مكان الناشر او الموزع Boston :
اسم الناشر او الموزع McGraw-Hill/Irwin,
تاريخ النشر أو التوزيع c2005.
300 ## - الوصف المادى
التعداد xxix, 482 p.
تفاصيل ماديه اخرى للوعاء col. ill. ;
أبعاد الوعاء 28 cm.
504 ## - تبصرة ببليوجرافية
تبصرة ببليوجرافية,الخ Includes bibliographical references and index.
650 #0 - المدخل الاضافى بالموضوع-مصطلح موضوعى
مصطلح موضوعي أو اسم جغرافي كعنصر مدخل Computers.
650 #0 - المدخل الاضافى بالموضوع-مصطلح موضوعى
مصطلح موضوعي أو اسم جغرافي كعنصر مدخل Telecommunication systems.
9 (RLIN) 4260
650 #0 - المدخل الاضافى بالموضوع-مصطلح موضوعى
مصطلح موضوعي أو اسم جغرافي كعنصر مدخل Information technology.
700 1# - المدخل الاضافى - اسم شخصى
الإسم الشخصى Williams, Brian K.,
التواريخ المصاحبة للاسم 1938-
9 (RLIN) 4167
906 ## - عنصر بيانات محلى F, LDF (RLIN)
a 7
942 ## - عناصر المدخل الإضافي( كوها)
مصدر التصنيف او مخطط الترفيف Dewey Decimal Classification
Koha [default] item type كتاب
المقتنيات
حالة الفقد نموذج السعر الفعال حالة تلف ليس للاعارة رقم الطلب تاريخ الاكتساب الموقع الحالي الباركود الفرع الرئيسي Date last seen نوع المادة فى نظام كوها مصدر التصنيف او خطة الترفيف Total Checkouts
  2013-03-10     004 s s u 2011-09-28 المكتبة المركزية بالمجمعة (CL) 00048749 المكتبة المركزية بالمجمعة (CL) 2013-03-10 كتاب Dewey Decimal Classification  
  2013-03-10     004 s s u 2011-09-28 المكتبة المركزية بالمجمعة (CL) 00048750 المكتبة المركزية بالمجمعة (CL) 2013-03-10 كتاب Dewey Decimal Classification  
  2013-03-10     004 s s u 2011-09-28 المكتبة المركزية بالمجمعة (CL) 00048752 المكتبة المركزية بالمجمعة (CL) 2013-03-10 كتاب Dewey Decimal Classification